000 00713nam a22002177a 4500
999 _c16420
_d16420
003 AR-CdUCM
008 190503b ||||| |||| 00| 0 spa d
040 _aMUNICIPALIDAD PROVINCIAL DEL CUSCO
_cBIBLIOTECA MUNICIPAL DEL CUSCO
082 _22ed.
_a861.08 /
_bC25
100 _aCano, Jose Luis
_935853
245 _aAntología de la nueva poesía Española /
260 _aMadrid :
_bGredos,
_c1963.
300 _a438 páginas ;
_c20 cm.
440 _aBiblioteca Románica Hispánica / Antología Hispánica.
_n6
_935854
505 _aContenido: Poesía.
650 _aPoesía española
_9158
650 _aPoetas españoles
_92813
650 _aSiglo XX
_98
942 _2ddc
_cLIBROS
945 _aachl
_d2019-05-03